| 000 | 00827nam a2200217Ia 4500 | ||
|---|---|---|---|
| 999 |
_c50892 _d50892 |
||
| 001 | 17847 | ||
| 003 | GE_BSU | ||
| 005 | 20200226142150.0 | ||
| 008 | 181216s2001ru xx |||||||||||||| ||rus|| | ||
| 020 | _a9785204002807 | ||
| 040 | _cGE_BSU | ||
| 041 | _arus | ||
| 080 | _a81'25+811.111 Б-87 | ||
| 100 |
_aБреус,Е.В. _97494 |
||
| 245 |
_aТеория и практика перевода с английского языка на русский : _bЧасть 1 : Учебное пособие. / _cЕ.В. Бреус. |
||
| 264 |
_aМосква : _bИзд-во УРАО, _c2001. |
||
| 300 |
_a104 стр .: _c22 см. |
||
| 653 | _aТеория и практика перевода с английского языка на русский | ||
| 653 | _aთარგმნის თეორია | ||
| 942 |
_cBK _2udc |
||